MARC

Tag First Indicator Second Indicator Subfields
LEADER 00000cas a2200000 a 4500
001 in00000871237
008 760620c19499999mduer1p f0 a0eng
005 20230331144641.0
010 |a sf 80001708  
022 0 |a 1057-5871 
035 |a (OCoLC)ocm02251258 
035 |a (OCoLC)02251258 
035 |9 AEH8051AM 
035 |a in00000871237 
040 |a DLC  |c MUL  |d DLC  |d NSD  |d NST  |d GPO  |d MvI  |d UtOrBLW 
042 |a lc  |a nsdp 
043 |a n-us--- 
049 |a WWW 
050 0 0 |a RA11  |b .D15 
074 |a 0507-A-27 (online) 
082 1 0 |a 614  |2 12 
086 0 |a HE 20.3007/3: 
222 4 |a The NIH record 
245 0 4 |a The NIH record. 
246 2 |a National Institutes of Health record 
246 1 7 |a Record  |f <May 5, 1987-> 
264 1 |a [Bethesda, Md.] :  |b U.S. Dept. of Health and Human Services, National Institutes of Health. 
300 |a volumes :  |b illustrations ;  |c 30 cm. 
310 |a Biweekly 
336 |a text  |b txt  |2 rdacontent 
337 |a unmediated  |b n  |2 rdamedia 
338 |a volume  |b nc  |2 rdacarrier 
362 1 |a Began in 1949. 
500 |a Address: National Institutes of Health, Bldg. 31, Rm. 2B03, Bethesda, Md. 20892. 
500 |a Not distributed to depository libraries in a physical form, 2001- . 
500 |a Description based on: Volume 39, number 9 (May 5, 1987); title from caption. 
500 |a Not distributed to depository libraries in a physical form, 2001- . 
500 |a Title from caption. 
500 |a Description based on: Volume 39, number 9 (May 5, 1987). 
515 |a Vol. 48, no. 1 (Jan. 2, 1996)-v. 48, no. 2 (Jan. 16, 1996) never published. 
530 |a Available also available via Internet from the NIH web site, July 30, 1996- . Address as of 8/10/98: http://www.nih.gov/news/NIH-Record/archives.htm; current access is available via PURL. 
550 |a Published by the Editorial Operations Branch, Division of Public Information of the National Institutes of Health. 
610 2 0 |a National Institutes of Health (U.S.)  |v Periodicals. 
650 0 |a Public health  |z United States  |v Periodicals. 
650 0 |a Medicine  |x Research  |z United States  |v Periodicals. 
710 2 |a National Institutes of Health (U.S.) 
710 2 |a National Institutes of Health (U.S.).  |b Editorial Operations Branch. 
856 4 1 |u https://purl.fdlp.gov/GPO/LPS1393  |z scroll to desired issue and click on it  |t 0 
999 |a MARS 
999 f f |i 6fce3095-28eb-3a91-bc03-a1b638c40e76  |s 817b86b0-d926-3ffc-87a5-ea898d077aa2  |t 0 
952 f f |p serial  |a Texas A&M University  |b College Station  |c Sterling C. Evans Library  |d Evans: US Documents (Annex 5th floor)  |t 0  |e HE 20.3007/3:  |h Superintendent of Documents classification  |i unmediated -- volume  |k v.49  |l 1997  |m A14822513115 
952 f f |p serial  |a Texas A&M University  |b College Station  |c Sterling C. Evans Library  |d Evans: US Documents (Annex 5th floor)  |t 0  |e HE 20.3007/3:  |h Superintendent of Documents classification  |i unmediated -- volume  |k v.48  |l 1996  |m A14821102953 
952 f f |p serial  |a Texas A&M University  |b College Station  |c Sterling C. Evans Library  |d Evans: US Documents (Annex 5th floor)  |t 0  |e HE 20.3007/3:  |h Superintendent of Documents classification  |i unmediated -- volume  |k v.51:no.1-21,23-25  |l 1999  |m A14826144120 
952 f f |p serial  |a Texas A&M University  |b College Station  |c Sterling C. Evans Library  |d Evans: US Documents (Annex 5th floor)  |t 0  |e HE 20.3007/3:  |h Superintendent of Documents classification  |i unmediated -- volume  |k v.46  |l 1994  |m A14818599874 
952 f f |p serial  |a Texas A&M University  |b College Station  |c Sterling C. Evans Library  |d Evans: US Documents (Annex 5th floor)  |t 0  |e HE 20.3007/3:  |h Superintendent of Documents classification  |i unmediated -- volume  |k v.44  |l 1992  |m A14818599971 
952 f f |p serial  |a Texas A&M University  |b College Station  |c Sterling C. Evans Library  |d Evans: US Documents (Annex 5th floor)  |t 0  |e HE 20.3007/3:  |h Superintendent of Documents classification  |i unmediated -- volume  |k v.45  |l 1993  |m A14818599921 
952 f f |p serial  |a Texas A&M University  |b College Station  |c Sterling C. Evans Library  |d Evans: US Documents (Annex 5th floor)  |t 0  |e HE 20.3007/3:  |h Superintendent of Documents classification  |i unmediated -- volume  |k v.50  |l 1998  |m A14825278926 
952 f f |p serial  |a Texas A&M University  |b College Station  |c Sterling C. Evans Library  |d Evans: US Documents (Annex 5th floor)  |t 0  |e HE 20.3007/3:  |h Superintendent of Documents classification  |i unmediated -- volume  |k v.47  |l 1995  |m A14826156290 
952 f f |a Texas A&M University  |b College Station  |c Electronic Resources  |d Available Online  |t 0  |e HE 20.3007/3:  |h Superintendent of Documents classification 
998 f f |a HE 20.3007/3:  |s v.51:no.1-21(Oct.19),no.23(Nov.16)-no.25Dec.14)  |t 0  |l Evans: US Documents (Annex 5th floor) 
998 f f |a HE 20.3007/3:  |t 0  |l Available Online